[Event "TUR-chT2"]
[Site "Konya"]
[Date "2017.07.12"]
[Round "5.8"]
[White "Kaypak, Cengizkaan"]
[Black "Savci, Bilal"]
[Result "0-1"]
[WhiteElo "1268"]
[BlackElo "1580"]
[PlyCount "126"]
[EventDate "2017.07.09"]
[EventType "team-swiss"]
[EventRounds "9"]
[EventCountry "TUR"]
[SourceTitle "CBM 179 Extra"]
[Source "ChessBase"]
[SourceDate "2017.08.23"]
[SourceVersion "1"]
[SourceVersionDate "2017.08.23"]
[SourceQuality "1"]
[WhiteTeam "Genclik Merkezi Genc"]
[BlackTeam "Mezopotamya"]
[WhiteTeamCountry "TUR"]
[BlackTeamCountry "TUR"]

1. d4 d5 2. c4 Nf6 3. Nc3 e6 4. Bg5 Be7 5. Nf3 c6 6. e3 Nbd7 7. Bd3 dxc4 8. Bxc4 b5 9. Bb3 Bb7 10. 0-0 0-0 11. a3 a6 12. Re1 c5 13. dxc5 Nxc5 14. Bc2 Nfe4 15. Nxe4 Nxe4 16. Qxd8 Bxd8 17. Bxd8 Rfxd8 18. Red1 Kf8 19. Rac1 Rxd1+ 20. Bxd1 Rc8 21. Rxc8+ Bxc8 22. Bc2 Bb7 23. Kf1 h6 24. Ke2 Nd6 25. b3 Ke7 26. g3 Bxf3+ 27. Kxf3 a5 28. Ke2 b4 29. axb4 axb4 30. Kd3 e5 31. f4 f6 32. Kd2 Ke6 33. e4 Kd7 34. Bd3 Kc6 35. Ke2 Kc5 36. Ke3 Kb6 37. f5 Kc5 38. g4 Kc6 39. Kf3 Kc5 40. Ke3 Nb7 41. Bc4 Nd6 42. Bd3 Nc8 43. Bc4 Na7 44. Bd5 Nb5 45. Kd3 Nd4 46. Ke3 Nc2+ 47. Kd2 Na3 48. Kd3 Nb5 49. Ke3 Nc3 50. Bc4 Nd1+ 51. Ke2 Nb2 52. Bd5 Kd4 53. Kd2 Nd3 54. Ke2 Nf4+ 55. Kd2 Nxd5 56. exd5 Kxd5 57. Kd3 e4+ 58. Ke3 Ke5 59. h3 Kd5 60. h4 Ke5 61. g5 fxg5 62. f6 gxf6 63. h5 f5 0-1